| 000 | 00329nam a22001337a 4500 | ||
|---|---|---|---|
| 003 | OSt | ||
| 008 | 231026b |||||||| |||| 00| 0 eng d | ||
| 041 | _ahin | ||
| 082 |
_a891.43 _bVIL |
||
| 100 |
_aSarada Misra _95540 |
||
| 245 | _aNeelam aur Mashoori ki devi / | ||
| 260 |
_aVaranasi : _bHindi Pracharak pusthakalay, |
||
| 942 | _cBK | ||
| 999 |
_c17759 _d17759 |
||